Kształty krajów Mistrzostw Świata 2026 - Statystyki

Ogólne statystyki
  • Ten quiz został rozwiązany 86 razy
  • Średni wynik to 30 z 42
Statystyki odpowiedzi
Obrazkowy Odpowiedź % Poprawnych
Stany Zjednoczone
100%
Australia
99%
Brazylia
97%
Francja
97%
Niemcy
97%
Anglia
96%
Meksyk
85%
Chorwacja
83%
Norwegia
83%
Egipt
82%
Portugalia
82%
Austria
81%
Hiszpania
81%
Kanada
81%
Japonia
79%
Republika Południowej Afryki
78%
Maroko
76%
Algieria
75%
Holandia
75%
Szwajcaria
74%
Arabia Saudyjska
71%
Nowa Zelandia
71%
Senegal
69%
Szkocja
69%
Uzbekistan
69%
Argentyna
65%
Iran
61%
Haiti
60%
Tunezja
60%
Belgia
57%
Panama
57%
Ghana
54%
Kolumbia
54%
Republika Zielonego Przylądka
54%
Jordania
53%
Korea Południowa
53%
Wybrzeże Kości Słoniowej
49%
Curaçao
47%
Katar
47%
Paragwaj
47%
Urugwaj
47%
Ekwador
43%
Nie znaleziono quizów pasujących do podanych kryteriów
Rozkład punktacji
Procent ludzi z każdym wynikiem
Percentyl według liczby udzielonych odpowiedzi
Twoja historia wyników
Nie rozwiązałeś tego quizu